Disposición de bienes en la sociedad de gananciales (Registro nro. 172001)
[ vista simple ]
| 000 -LEADER | |
|---|---|
| fixed length control field | 02862nam a22002657a 4500 |
| 007 - PHYSICAL DESCRIPTION FIXED FIELD--GENERAL INFORMATION | |
| fixed length control field | cr|||| |||| |
| 008 - FIXED-LENGTH DATA ELEMENTS--GENERAL INFORMATION | |
| fixed length control field | 220819s2020 pe |||||s|||| 00||0 spa d |
| 020 ## - INTERNATIONAL STANDARD BOOK NUMBER | |
| International Standard Book Number | 9786123251413 |
| 035 ## - | |
| -- | 36905 |
| 040 ## - CATALOGING SOURCE | |
| Original cataloging agency | vLex |
| 090 ## - | |
| -- | 13765 |
| -- | 13765 |
| 100 1# - MAIN ENTRY--PERSONAL NAME | |
| Personal name | Santillán Santa Cruz, Romina |
| 245 10 - TITLE STATEMENT | |
| Title | Disposición de bienes en la sociedad de gananciales |
| Medium | [Recurso electrónico] / |
| Statement of responsibility, etc | Romina Santillán Santa Cruz |
| 256 ## - | |
| -- | Servicio en línea |
| 260 ## - PUBLICATION, DISTRIBUTION, ETC. (IMPRINT) | |
| Place of publication, distribution, etc | Lima: |
| Name of publisher, distributor, etc | Palestra Editores, |
| Date of publication, distribution, etc | 2020 |
| 300 ## - PHYSICAL DESCRIPTION | |
| Extent | 1 recurso electrónico |
| 500 ## - GENERAL NOTE | |
| General note | Esta obra aborda, de manera orgánica, el estudio de la disposición de los bienes en la sociedad de gananciales. Se centra especialmente en la sanción que correspondería aplicar a los actos de disposición individual de bienes comunes que contravienen la regla de actuación conjunta, debido a la ausencia de regulación sobre este particular asunto en el Derecho peruano. Una cuestión que, como tendrá ocasión de ver el lector, la autora resuelve jugando inteligentemente con el Derecho Comparado (sobre todo el español), con los criterios establecidos por la Corte Suprema de Justicia, y con una visión teleológico-sistemática de las reglas establecidas en el artículo 315 del Código civil peruano. La solución que propone gira en torno a la idea de legitimación, y a la falta de legitimación de uno de los cónyuges para disponer individualmente de bienes comunes. Previo a ello, hace una introducción general al régimen de gananciales y a los bienes que conforman su activo, para luego sumergirse en el tópico de la gestión de los bienes comunes y privativos de los cónyuges. Desarrolla en forma ordenada y sistemática la legitimación de los cónyuges para disponer de los bienes comunes empleando una tipología general que estructura la materia en legitimación conjunta e individual. Expone los supuestos del artículo 315 que, a su juicio y sólida razón, configurarían una falta de legitimación para disponer en los cónyuges, especificando las distintas medidas que podrían adoptar tanto el cónyuge preterido como los terceros posiblemente afectados. Como corolario de lo anterior, y siendo uno de sus principales aportes, elabora la tesis de la anómala legitimación individual, cuyo argumento y alcance descubrirá el lector al introducirse en estas páginas. |
| 506 1# - RESTRICTIONS ON ACCESS NOTE | |
| Terms governing access | Disponible solo en los productos indicados |
| Authorized users | vLex Global |
| -- | vLex Global (Academic Edition, excluding Law Schools) |
| -- | vLex Global (U.S. Academic Edition, Law Schools) |
| -- | vLex Global (U.S. Academic Edition, excluding Law Schools) |
| -- | vLex Global (Academic Edition, Law Schools) |
| 650 04 - SUBJECT ADDED ENTRY--TOPICAL TERM | |
| Topical term or geographic name as entry element | Derecho Civil |
| Geographic subdivision | Perú |
| 650 04 - SUBJECT ADDED ENTRY--TOPICAL TERM | |
| Topical term or geographic name as entry element | Procedimiento Civil |
| Geographic subdivision | Perú |
| 740 0# - | |
| -- | vLex Libros (Servicio en línea) |
| 856 40 - LOCALIZACIÓN Y ACCESO ELECTRÓNICO | |
| Identificador Uniforme del Recurso (URI/URL) | https://app.vlex.com/#/sources/36905 |
| 942 ## - | |
| -- | RAA |
| 999 ## - | |
| -- | 172001 |
| -- | 172001 |
No hay ítems disponibles.